| 000 | 00891cam a22002415a 4500 | ||
|---|---|---|---|
| 001 | 16964804 | ||
| 005 | 20161123125209.0 | ||
| 008 | 110916s2012 enk frb 001 0 eng d | ||
| 020 | _a9780415783620 (pbk.) | ||
| 040 |
_aDLC _beng _cDLC _dDLC _dEG-ScBUE _dEG-ScBUE |
||
| 043 | _aaw----- | ||
| 082 | 0 | 4 |
_a320.5570956 _bISL _222 |
| 245 | 0 | 0 |
_aIslamist politics in the Middle East : _bmovements and change / _cedited by Samer S. Shehata. |
| 260 |
_aAbingdon ; _aNew York : _bRoutledge / Taylor & Francis Group, _c2012. |
||
| 300 |
_axiv, 225 p. ; _c24 cm. |
||
| 500 | _aIndex : p. 215-225. | ||
| 504 | _aIncludes bibliographical references. | ||
| 651 | 0 |
_aMiddle East _xPolitics and government _y1979- _2BUEsh |
|
| 653 |
_bBUSBOL _cJuly2015 _cJanuary2016 |
||
| 650 | 0 |
_911983 _aIslam and politics _zMiddle East _2BUEsh |
|
| 700 | 1 |
_aShehata, Samer S. _q(Samer Said), _d1967- _eeditor. |
|
| 942 | _2ddc | ||
| 999 |
_c20339 _d20311 |
||